Analýza finančnej štruktúry slovenských podnikov s podporou štatistického inštrumentária

Vývoj finančnej štruktúry podniku. Faktory, ktoré zohrávajú významnú úlohu pri riadení finančnej štruktúry podniku. Majetok podniku. Využitie štatistických metód. Cieľ, materiál a metodika príspevku. Výsledky a diskusia.

Saved in:
Bibliographic Details
Main Author: Závarská, Zuzana
Format: Book Chapter
Language:Slovak
Subjects:
Tags: Add Tag
No Tags, Be the first to tag this record!

MARC

LEADER 00000naa$a2200000$$$4500
001 0092355
005 20231107132055.2
041 0 |a slo 
044 |a SK 
245 1 0 |a Analýza finančnej štruktúry slovenských podnikov s podporou štatistického inštrumentária  |c Zuzana Závarská 
520 |a Vývoj finančnej štruktúry podniku. Faktory, ktoré zohrávajú významnú úlohu pri riadení finančnej štruktúry podniku. Majetok podniku. Využitie štatistických metód. Cieľ, materiál a metodika príspevku. Výsledky a diskusia. 
610 2 0 |a podnik 
610 2 0 |a financie podnikové 
610 2 0 |a pasíva 
610 2 0 |a kapitál podnikový 
610 2 0 |a analýza finančná 
610 2 0 |a Slovensko 
100 1 |a Závarská, Zuzana